Statistiken für Legenden des Rockabilly

Klicken Sie hier um das Quiz zu spielen!

Allgemein

  • Dieses Quiz wurde 13 mal gespielt
  • Das Durchschnittsergebnis liegt bei 8 aus 15

Antwortstatistiken

SongInterpret% Korrekt
Oh Boy!Buddy Holly
100%
Blueberry HillFats Domino
100%
La BambaRitchie Valens
89%
Chantilly LaceThe Big Bopper
89%
Blue Suede ShoesCarl Perkins
67%
Summertime BluesEddie Cochran
67%
Dream LoverBobby Darin
56%
The WandererDion & The Belmonts
56%
Be Bop A LulaGene Vincent
56%
Honey HushJohnny Burnette
33%
Since I Don't Have YouThe Skyliners
33%
Lou LouDarrell Rhodes
22%
Love Come Back To MeJimmy Patton
22%
HepcatLarry Terry
22%
Love MeThe Phantom
22%

Verteilung der Resultate

Perzentil nach korrekt beantworteten Fragen

Anzahl Personen mit jedem Resultat

Ihre Resultats-Entwicklung

Sie haben dieses Quiz noch nicht gespielt